Quản lý công tác giáo dục y đức cho sinh viên Khoa Y - Dược trường Cao đẳng Phương Đông Đà Nẵng
Cơ sở lý luận của việc QL công tác GDYĐ cho HSSV; Thực trạng quản lý công tác giáo dục y đức cho HSSV khoa Y, Dược trường cao đẳng Phương Đông Đà Nẵng; Các biện pháp quản lý công tác giáo dục y đức cho HSSV khoa Y, Dược trường cao đẳng Phương Đông Đà Nẵng; ......
Bewaard in:
| Hoofdauteur: | |
|---|---|
| Andere auteurs: | |
| Formaat: | Boek |
| Taal: | Vietnamese |
| Gepubliceerd in: |
Đà Nẵng
Đại học Đà Nẵng
2013
|
| Onderwerpen: | |
| Tags: |
Voeg label toe
Geen labels, Wees de eerste die dit record labelt!
|
| Thư viện lưu trữ: | Mạng thư viện Đại học Đà Nẵng |
|---|
| LEADER | 01853nam a2200349 4500 | ||
|---|---|---|---|
| 001 | 000019397 | ||
| 003 | 15832 | ||
| 005 | 20140428100402.0 | ||
| 008 | 140428s2013 viesd | ||
| 041 | |a vie | ||
| 082 | 1 | 4 | |a 378.101 |b NG-T |
| 100 | |a Nguyễn Thị Quảng Trị | ||
| 245 | |a Quản lý công tác giáo dục y đức cho sinh viên Khoa Y - Dược trường Cao đẳng Phương Đông Đà Nẵng |c Nguyễn Thị Quảng Trị ; Phùng Đình Mẫm hướng dẫn. |k Luận văn Thạc sĩ | ||
| 260 | |a Đà Nẵng |b Đại học Đà Nẵng |c 2013 | ||
| 300 | |a 98 tr., phụ lục 27 tr. |c 29 cm. |e Tóm tắt | ||
| 500 | |a Luận văn thạc sĩ Quản lý giáo dục. Chuyên ngành: Quản lý giáo dục. Mã số: 60.14.05. | ||
| 520 | |a Cơ sở lý luận của việc QL công tác GDYĐ cho HSSV; Thực trạng quản lý công tác giáo dục y đức cho HSSV khoa Y, Dược trường cao đẳng Phương Đông Đà Nẵng; Các biện pháp quản lý công tác giáo dục y đức cho HSSV khoa Y, Dược trường cao đẳng Phương Đông Đà Nẵng; ... | ||
| 650 | 0 | 4 | |a Giáo dục đại học |v Luận văn tốt nghiệp |x Quản trị |x Quản lí |z Đà Nẵng |
| 653 | |a Quản trị | ||
| 653 | |a Giáo dục đại học | ||
| 653 | |a Quản lý giáo dục | ||
| 700 | 1 | |a Phùng Đình Mẫm |c PGS.TS |e Hướng dẫn | |
| OWN | |a LSP | ||
| AVA | |a UDN50 |b LSP |d 378.101 NG-T |e available |t Error 5001 Not defined in file expand_doc_bib_avail. |f 1 |g 0 |h N |i 0 |k 1 | ||
| 999 | |a From the UDN01 | ||
| AVA | |a UDN50 |b LSP |d 378.101 NG-T |e available |t Error 5001 Not defined in file expand_doc_bib_avail. |f 1 |g 0 |h N |i 0 |k 1 | ||
| TYP | |a Monograph | ||
| TYP | |a Printed language | ||
| 980 | |a Mạng thư viện Đại học Đà Nẵng | ||